[Event "Verbandsliga Suedbaden 1718"]
[Site "Baden"]
[Date "2018.02.18"]
[Round "6.3"]
[White "Leutwyler, Martin"]
[Black "Zichanowicz, Mark"]
[Result "1/2-1/2"]
[WhiteElo "2200"]
[BlackElo "2112"]
[PlyCount "61"]
[EventDate "2017.10.08"]
[EventType "team-tourn"]
[EventRounds "9"]
[EventCountry "GER"]
[SourceTitle "EXT 2019"]
[Source "ChessBase"]
[SourceDate "2018.10.10"]
[SourceVersion "1"]
[SourceVersionDate "2018.10.10"]
[SourceQuality "1"]
[WhiteTeam "Gottmadingen"]
[BlackTeam "Waldshut"]
[WhiteTeamCountry "GER"]
[BlackTeamCountry "GER"]

1. d4 d5 2. Nf3 Nf6 3. c4 c6 4. e3 Bf5 5. Nc3 e6 6. Nh4 Bg6 7. Nxg6 hxg6 8. g3 Nbd7 9. Bd2 Bd6 10. Qb3 Qb6 11. c5 Qxb3 12. axb3 Be7 13. f4 0-0 14. b4 a6 15. Bd3 Rfd8 16. Rg1 Ne8 17. Ne2 f5 18. g4 Kf7 19. 0-0-0 Nc7 20. Rg2 Rh8 21. Rdg1 Rag8 22. Rh1 Rh3 23. Ng1 Rh7 24. Nf3 Rh3 25. Ng1 Rh7 26. h4 Nf6 27. g5 Nd7 28. Be2 Rgh8 29. h5 Ke8 30. Rgh2 Kf7 31. hxg6+ 1/2-1/2

[Event "Verbandsliga Suedbaden 1718"]
[Site "Baden"]
[Date "2018.01.14"]
[Round "4.4"]
[White "Zichanowicz, Mark"]
[Black "Mayer, Roland1111"]
[Result "1-0"]
[WhiteElo "2112"]
[BlackElo "2064"]
[PlyCount "99"]
[EventDate "2017.10.08"]
[EventType "team-tourn"]
[EventRounds "9"]
[EventCountry "GER"]
[SourceTitle "EXT 2019"]
[Source "ChessBase"]
[SourceDate "2018.10.10"]
[SourceVersion "1"]
[SourceVersionDate "2018.10.10"]
[SourceQuality "1"]
[WhiteTeam "Waldshut"]
[BlackTeam "Pfullendorf"]
[WhiteTeamCountry "GER"]
[BlackTeamCountry "GER"]

1. d4 Nf6 2. Nf3 g6 3. Bf4 Bg7 4. Nbd2 d6 5. e4 Nc6 6. c3 0-0 7. Bb5 a6 8. Ba4 b5 9. Bc2 Nh5 10. Be3 e5 11. 0-0 Qe8 12. Re1 Kh8 13. a4 Rb8 14. axb5 axb5 15. dxe5 dxe5 16. Bc5 Rg8 17. Bb3 Nf4 18. Ng5 Nd8 19. Ndf3 Nfe6 20. Be3 h6 21. Nxe6 Bxe6 22. Ra7 Bxb3 23. Qxb3 Qe6 24. Qd5 Qxd5 25. exd5 Nb7 26. b3 Rgc8 27. c4 bxc4 28. bxc4 Nd6 29. Rc1 Kg8 30. g3 c6 31. Rd7 Nf5 32. d6 Nxe3 33. fxe3 c5 34. Rd1 e4 35. Nh4 Bf6 36. Rd5 Rb1+ 37. Kg2 Ra8 38. Rd2 Bxh4 39. gxh4 Raa1 40. Rd8+ Kg7 41. d7 Rg1+ 42. Kh3 Rae1 43. Rg8+ Kxg8 44. d8Q+ Kg7 45. Rg2 Rxe3+ 46. Rg3 Rgxg3+ 47. hxg3 Rd3 48. Qe7 e3 49. Qxc5 Kf6 50. Kg4 1-0

[Event "Oberliga Baden 1617"]
[Site "Baden"]
[Date "2016.12.04"]
[Round "3.6"]
[White "Eppinger, Georg"]
[Black "Zichanowicz, Mark"]
[Result "1-0"]
[WhiteElo "2232"]
[BlackElo "2138"]
[PlyCount "106"]
[EventDate "2016.10.16"]
[EventType "team-tourn"]
[EventRounds "9"]
[EventCountry "GER"]
[SourceTitle "EXT 2018"]
[Source "ChessBase"]
[SourceDate "2017.10.13"]
[SourceVersion "1"]
[SourceVersionDate "2017.10.13"]
[SourceQuality "1"]
[WhiteTeam "Dreisamtal"]
[BlackTeam "Waldshut Tiengen"]
[WhiteTeamCountry "GER"]
[BlackTeamCountry "GER"]

1. e4 d5 2. exd5 Qxd5 3. Nc3 Qd6 4. Nf3 Nf6 5. Be2 c6 6. 0-0 Bg4 7. d3 e6 8. Ne4 Qd8 9. h3 Bh5 10. Ne5 Bxe2 11. Qxe2 Nxe4 12. dxe4 Qc7 13. Qh5 g6 14. Qg5 Bg7 15. Nc4 Qe7 16. Rd1 Qxg5 17. Nd6+ Ke7 18. Bxg5+ f6 19. Bh4 b6 20. f4 h6 21. f5 g5 22. fxe6 Kxe6 23. Nf5 Bf8 24. Bf2 Be7 25. Rd3 c5 26. Rad1 Nc6 27. Rd6+ Bxd6 28. Rxd6+ Ke5 29. Rxc6 Kxe4 30. g4 h5 31. Rxf6 hxg4 32. Ng3+ Ke5 33. Rf5+ Ke6 34. hxg4 Raf8 35. Rxg5 Rhg8 36. Ne4 Rxg5 37. Nxg5+ Kd5 38. Kg2 Re8 39. Kf3 Rf8+ 40. Kg3 Re8 41. Kf3 Rf8+ 42. Ke3 Rg8 43. Bh4 Re8+ 44. Kd3 c4+ 45. Kd2 Rh8 46. Bf2 Rg8 47. Be3 Rh8 48. Nf3 Rh1 49. g5 Ke6 50. Bd4 Rh3 51. Ke2 Kf5 52. Bf6 Ke4 53. Nd2+ Kd5 1-0

[Event "Oberliga Baden 1415"]
[Site "Baden"]
[Date "2015.02.22"]
[Round "7.6"]
[White "Zichanowicz, Mark"]
[Black "Hess, Markus"]
[Result "1/2-1/2"]
[WhiteElo "2172"]
[BlackElo "2185"]
[PlyCount "48"]
[EventDate "2014.09.21"]
[EventType "team-tourn"]
[EventRounds "9"]
[EventCountry "GER"]
[SourceTitle "EXT 2016"]
[Source "ChessBase"]
[SourceDate "2015.10.08"]
[SourceVersion "1"]
[SourceVersionDate "2015.10.08"]
[SourceQuality "1"]
[WhiteTeam "Waldshut Tiengen"]
[BlackTeam "Walldorf"]
[WhiteTeamCountry "GER"]
[BlackTeamCountry "GER"]

1. e4 c6 2. d4 d5 3. exd5 cxd5 4. c4 Nf6 5. Nc3 e6 6. Nf3 Bb4 7. cxd5 exd5 8. Bd3 0-0 9. 0-0 Nc6 10. Bg5 Be7 11. h3 Be6 12. Re1 Re8 13. Rc1 Rc8 14. Bb1 a6 15. Ne5 Qd6 16. a3 g6 17. b4 Nd7 18. Bf4 Ndxe5 19. dxe5 Qd8 20. Ba2 d4 21. Bxe6 fxe6 22. Ne4 Qd5 23. Nd2 Rf8 24. Bg3 Rf5 1/2-1/2

[Event "Oberliga Baden 1213"]
[Site "Baden"]
[Date "2012.11.11"]
[Round "2.5"]
[White "Zichanowicz, Mark"]
[Black "Heuser, Philip"]
[Result "0-1"]
[WhiteElo "2176"]
[BlackElo "2132"]
[PlyCount "190"]
[EventDate "2012.10.14"]
[EventType "team-tourn"]
[EventRounds "9"]
[EventCountry "GER"]
[SourceTitle "EXT 2014"]
[Source "ChessBase"]
[SourceDate "2013.11.20"]
[SourceVersion "1"]
[SourceVersionDate "2013.11.20"]
[SourceQuality "1"]
[WhiteTeam "Waldshut"]
[BlackTeam "Kirchheim"]
[WhiteTeamCountry "GER"]
[BlackTeamCountry "GER"]

1. e4 c6 2. d4 d5 3. exd5 cxd5 4. c4 Nf6 5. Nc3 Nc6 6. Bg5 Be6 7. Nf3 Ne4 8. cxd5 Bxd5 9. Nxe4 Bxe4 10. Bc4 Qa5+ 11. Bd2 Qf5 12. Ng5 Bd5 13. Bxd5 Qxd5 14. Nf3 e6 15. 0-0 Be7 16. Bc3 0-0 17. Qe2 Rfd8 18. Rfd1 Qh5 19. Qe4 Rd5 20. Rd3 Rad8 21. Rad1 b5 22. a3 a5 23. Rc1 Qg6 24. Qxg6 hxg6 25. Bd2 Bc5 26. Rdc3 Nxd4 27. Rxc5 Ne2+ 28. Kf1 Nxc1 29. Rxc1 Rxd2 30. Nxd2 Rxd2 31. b3 Rb2 32. Rc8+ Kh7 33. Ra8 Rxb3 34. Rxa5 g5 35. a4 bxa4 36. Rxa4 Rb2 37. h4 gxh4 38. Rxh4+ Kg6 39. Rg4+ Kf6 40. Rf4+ Kg6 41. Rg4+ Kf6 42. Rf4+ Ke7 43. g4 Rd2 44. Kg2 e5 45. Ra4 Kf6 46. Kg3 g6 47. Ra3 e4 48. Ra5 Rd3+ 49. Kg2 Ke6 50. Rb5 Rd5 51. Rb7 Rg5 52. Kh3 f5 53. gxf5+ gxf5 54. Rb5 Rg1 55. Kh2 Rg7 56. Ra5 f4 57. Rb5 f3 58. Kh3 Rg2 59. Rb2 Ke5 60. Ra2 Kd4 61. Ra4+ Ke5 62. Ra2 Kf4 63. Rb2 Rxf2 64. Rxf2 e3 65. Ra2 e2 66. Ra4+ Ke3 67. Ra3+ Ke4 68. Ra4+ Ke3 69. Ra3+ Kf2 70. Kg4 e1Q 71. Rxf3+ Kg2 72. Rf4 Qe2+ 73. Kf5 Kg3 74. Rd4 Qb5+ 75. Ke4 Kg4 76. Ke3+ Kf5 77. Rf4+ Kg5 78. Rd4 Qe5+ 79. Kd3 Kf5 80. Rc4 Qd5+ 81. Rd4 Qb3+ 82. Kd2 Ke5 83. Rd3 Qb2+ 84. Ke3 Qg2 85. Rc3 Qe4+ 86. Kd2 Kd4 87. Rb3 Qg2+ 88. Kc1 Kc4 89. Rb2 Qf1+ 90. Kc2 Qe1 91. Ra2 Qe2+ 92. Kb1 Qd1+ 93. Kb2 Kb4 94. Ra1 Qd2+ 95. Kb1 Kb3 0-1

[Event "Zuerich op-A 35th"]
[Site "Zuerich"]
[Date "2011.12.28"]
[Round "4"]
[White "Zozulia, Anna"]
[Black "Zichanowicz, Mark"]
[Result "0-1"]
[WhiteElo "2370"]
[BlackElo "2149"]
[PlyCount "58"]
[EventDate "2011.12.26"]
[EventType "swiss"]
[EventRounds "7"]
[EventCountry "SUI"]
[SourceTitle "CBM 146 Extra"]
[Source "ChessBase"]
[SourceDate "2012.02.29"]
[SourceVersion "1"]
[SourceVersionDate "2012.02.29"]
[SourceQuality "1"]

1. e4 d5 2. exd5 Qxd5 3. Nc3 Qd6 4. d4 Nf6 5. Nf3 a6 6. Bc4 b5 7. Bb3 Bb7 8. Ne5 e6 9. Bf4 Qb6 10. 0-0 c5 11. dxc5 Bxc5 12. a4 0-0 13. Qe2 Nc6 14. Ng4 Nd4 15. Nxf6+ gxf6 16. Qh5 Qc6 17. Qh3 b4 18. Bh6 Kh8 19. Bxf8 Rxf8 20. Nd5 exd5 21. Rae1 Nxb3 22. Qxb3 a5 23. Rd1 d4 24. f3 Qe6 25. Rfe1 Qxb3 26. cxb3 Rd8 27. Rc1 Bb6 28. Re7 d3+ 29. Kh1 Bd5 0-1

[Event "Oberliga Baden 0910"]
[Site "Germany"]
[Date "2009.10.18"]
[Round "1.7"]
[White "Vidonyak, Roman"]
[Black "Zichanowicz, Mark"]
[Result "1-0"]
[WhiteElo "2432"]
[BlackElo "2179"]
[PlyCount "81"]
[EventDate "2009.10.18"]
[EventType "team-tourn"]
[EventRounds "9"]
[EventCountry "GER"]
[SourceTitle "EXT 2011"]
[Source "ChessBase"]
[SourceDate "2010.11.26"]
[SourceVersion "1"]
[SourceVersionDate "2010.11.26"]
[SourceQuality "1"]
[WhiteTeam "Hockenheim"]
[BlackTeam "Waldshut"]
[WhiteTeamCountry "GER"]
[BlackTeamCountry "GER"]

1. d4 d5 2. c4 c6 3. Nf3 Nf6 4. Nc3 e6 5. e3 Nbd7 6. Qc2 Bd6 7. b3 0-0 8. Bd3 e5 9. cxd5 cxd5 10. Nb5 Bb4+ 11. Bd2 Bxd2+ 12. Nxd2 e4 13. Be2 Nb6 14. Qc7 a6 15. Qxd8 Rxd8 16. Nc3 Bf5 17. h3 Rac8 18. Rc1 Rc7 19. Ndb1 Rdc8 20. Kd2 h6 21. a4 Nbd7 22. a5 Nb8 23. b4 Nc6 24. Na2 Na7 25. Rxc7 Rxc7 26. Nbc3 Bd7 27. Rb1 Nc6 28. Rc1 Ne7 29. b5 axb5 30. Nxb5 Rxc1 31. Nxc1 Bxb5 32. Bxb5 Nc8 33. Kc3 Kf8 34. Kb4 Ke7 35. Kc5 Ke6 36. Ne2 g5 37. Nc3 h5 38. Na4 Nd6 39. Kb6 Nd7+ 40. Bxd7+ Kxd7 41. Nc5+ 1-0

[Event "Oberliga Baden 0607"]
[Site "Germany"]
[Date "2007.02.25"]
[Round "6.5"]
[White "Schaaf, Robert"]
[Black "Zichanowicz, Mark"]
[Result "0-1"]
[WhiteElo "2116"]
[BlackElo "2164"]
[PlyCount "42"]
[EventDate "2006.10.15"]
[EventType "team-tourn"]
[EventRounds "9"]
[EventCountry "GER"]
[SourceTitle "EXT 2008"]
[Source "ChessBase"]
[SourceDate "2007.11.25"]
[SourceVersion "1"]
[SourceVersionDate "2007.11.25"]
[SourceQuality "1"]
[WhiteTeam "Baden-Baden III"]
[BlackTeam "Waldshut"]
[WhiteTeamCountry "GER"]
[BlackTeamCountry "GER"]

1. e4 d5 2. exd5 Qxd5 3. Nc3 Qa5 4. Bc4 c6 5. d3 Bf5 6. Bd2 e6 7. Qe2 Nf6 8. h3 h5 9. Nf3 Nbd7 10. 0-0-0 Qc7 11. Nh4 Bh7 12. g4 0-0-0 13. g5 Nd5 14. Bxd5 exd5 15. Qxh5 Bc5 16. Qg4 Bxf2 17. Bf4 Qb6 18. Nf5 Bxf5 19. Qxf5 g6 20. Qg4 Rh4 21. Qf3 Rxf4 0-1

[Event "Oberliga Baden 0607"]
[Site "Germany"]
[Date "2006.10.29"]
[Round "2.6"]
[White "Zichanowicz, Mark"]
[Black "Bogner, Norbert"]
[Result "1-0"]
[WhiteElo "2164"]
[BlackElo "2069"]
[PlyCount "69"]
[EventDate "2006.10.15"]
[EventType "team-tourn"]
[EventRounds "9"]
[EventCountry "GER"]
[SourceTitle "CBM 115 Extra"]
[Source "ChessBase"]
[SourceDate "2007.01.10"]
[SourceVersion "1"]
[SourceVersionDate "2007.01.10"]
[SourceQuality "1"]
[WhiteTeam "Waldshut"]
[BlackTeam "Neuhausen"]
[WhiteTeamCountry "GER"]
[BlackTeamCountry "GER"]

1. e4 c5 2. Nf3 d6 3. d4 cxd4 4. Nxd4 Nf6 5. Nc3 a6 6. f3 e6 7. Be3 b5 8. Qd2 Bb7 9. 0-0-0 Nbd7 10. g4 h6 11. h4 b4 12. Nce2 d5 13. exd5 Nxd5 14. Bf2 Rc8 15. Kb1 N7b6 16. Nb3 Nc4 17. Qc1 Bd6 18. Ka1 Qf6 19. Nbd4 Be5 20. g5 Qg6 21. Rg1 hxg5 22. hxg5 Rh2 23. Rg2 Rh1 24. Rg4 a5 25. f4 Bf6 26. Ng3 Rh2 27. Bd3 Bxd4 28. Bxd4 f5 29. Nf1 Rh3 30. Rg3 Rh4 31. Ne3 Nxf4 32. Nxc4 Nxd3 33. Nd6+ Kd7 34. Rgxd3 Kxd6 35. Bf2+ 1-0

[Event "Oberliga Baden 0506"]
[Site "Germany"]
[Date "2006.02.19"]
[Round "7.6"]
[White "Haller, Peter"]
[Black "Zichanowicz, Mark"]
[Result "1/2-1/2"]
[WhiteElo "2093"]
[BlackElo "2113"]
[PlyCount "30"]
[EventDate "2005.10.23"]
[EventType "team-tourn"]
[EventRounds "9"]
[EventCountry "GER"]
[SourceTitle "EXT 2007"]
[Source "ChessBase"]
[SourceDate "2006.11.23"]
[SourceVersion "1"]
[SourceVersionDate "2006.11.23"]
[SourceQuality "1"]
[WhiteTeam "Lampertheim"]
[BlackTeam "Waldshut Tiengen"]
[WhiteTeamCountry "GER"]
[BlackTeamCountry "GER"]

1. e4 d5 2. exd5 Qxd5 3. Nc3 Qa5 4. d4 c6 5. Bd3 Nf6 6. Bd2 Bg4 7. f3 Bh5 8. Nh3 Qb6 9. Qe2 Nbd7 10. 0-0-0 e6 11. Nf4 0-0-0 12. Be3 Qa5 13. Kb1 Bb4 14. Bd2 Bg6 15. a3 Bxc3 1/2-1/2

[Event "Oberliga Baden 0506"]
[Site "Germany"]
[Date "2005.11.13"]
[Round "2.8"]
[White "Zichanowicz, Mark"]
[Black "Grosshans, Ralf Michael"]
[Result "1-0"]
[WhiteElo "2113"]
[BlackElo "2180"]
[PlyCount "131"]
[EventDate "2005.10.23"]
[EventType "team-tourn"]
[EventRounds "9"]
[EventCountry "GER"]
[SourceTitle "EXT 2007"]
[Source "ChessBase"]
[SourceDate "2006.11.23"]
[SourceVersion "1"]
[SourceVersionDate "2006.11.23"]
[SourceQuality "1"]
[WhiteTeam "Waldshut Tiengen"]
[BlackTeam "Kuppenheim"]
[WhiteTeamCountry "GER"]
[BlackTeamCountry "GER"]

1. e4 Nf6 2. e5 Nd5 3. d4 d6 4. c4 Nb6 5. exd6 exd6 6. Nc3 Nc6 7. Be3 Bf5 8. Nf3 Be7 9. Be2 0-0 10. d5 Nb8 11. Nd4 Bg6 12. 0-0 Re8 13. f4 Bf6 14. Qd2 h6 15. Rac1 N8d7 16. b3 Nc8 17. Bg4 Ne7 18. Rce1 Bxd4 19. Bxd4 Nf5 20. Rxe8+ Qxe8 21. Nb5 Qb8 22. Bb2 Nf6 23. Bxf6 gxf6 24. Bxf5 Bxf5 25. Qc3 a6 26. Nd4 Bd7 27. Rf3 Qf8 28. Rg3+ Kh7 29. Qd3+ Kh8 30. Qe2 Qe8 31. Qf2 Qe4 32. Re3 Qb1+ 33. Re1 Qg6 34. Re7 Rd8 35. Qe2 Kg7 36. Ne6+ Bxe6 37. dxe6 Rf8 38. Rxc7 Qb1+ 39. Kf2 Qf5 40. g3 Kg6 41. e7 Re8 42. Rxb7 d5 43. cxd5 Qxd5 44. Qg4+ Kh7 45. Qd7 Qc5+ 46. Kg2 Qc2+ 47. Kh3 h5 48. Qd5 Qg6 49. Qf3 f5 50. Qd3 Kg7 51. Qd4+ f6 52. Kg2 Qg4 53. Qd3 a5 54. Rc7 Kf7 55. Qf3 Qg6 56. Qd5+ Kg7 57. Qxa5 Qg4 58. Qd2 h4 59. Qd3 Kf7 60. Qd5+ Kg7 61. Qf3 Qg6 62. Qd3 Kf7 63. a4 Rxe7 64. Qd5+ Kf8 65. Qd6 h3+ 66. Kf2 1-0

[Event "Verbandsliga Sued Baden 0405"]
[Site "Germany"]
[Date "2005.03.13"]
[Round "8.4"]
[White "Zichanowicz, Mark"]
[Black "Schaaf, Robert"]
[Result "1/2-1/2"]
[WhiteElo "2126"]
[BlackElo "2112"]
[PlyCount "85"]
[EventDate "2004.10.10"]
[EventType "team"]
[EventRounds "9"]
[EventCountry "GER"]
[SourceTitle "EXT 2007"]
[Source "ChessBase"]
[SourceDate "2006.11.23"]
[SourceVersion "1"]
[SourceVersionDate "2006.11.23"]
[SourceQuality "1"]
[WhiteTeam "Waldshut II"]
[BlackTeam "Baden Oos III"]
[WhiteTeamCountry "GER"]
[BlackTeamCountry "GER"]

1. e4 d5 2. exd5 Qxd5 3. Nc3 Qa5 4. d4 Nf6 5. Bc4 c6 6. Bd2 Bf5 7. Qe2 e6 8. d5 cxd5 9. Nxd5 Qd8 10. Nxf6+ Qxf6 11. 0-0-0 Nc6 12. g4 Bg6 13. f4 Ba3 14. c3 Be7 15. Nf3 0-0 16. f5 exf5 17. Bg5 Qxg5+ 18. Nxg5 Bxg5+ 19. Kb1 Rfe8 20. Qg2 Ne5 21. gxf5 Bxf5+ 22. Ka1 Nxc4 23. Qxg5 Ne3 24. Rd2 h6 25. Qf4 Nc2+ 26. Kb1 Be4 27. Rg1 Nb4+ 28. Ka1 Nc2+ 29. Rxc2 Bxc2 30. b3 Re7 31. Qd4 Bg6 32. Rg2 a6 33. Rd2 Rae8 34. c4 Kh7 35. Kb2 Re4 36. Qd5 R8e7 37. Qc5 f5 38. Rd8 f4 39. Qc8 Be8 40. Qf5+ Bg6 41. Qf8 Be8 42. Qf5+ Bg6 43. Qc8 1/2-1/2

[Event "Verbandsliga Sued Baden 0405"]
[Site "Germany"]
[Date "2005.01.23"]
[Round "6.3"]
[White "Akermann, Thomas"]
[Black "Zichanowicz, Mark"]
[Result "1/2-1/2"]
[WhiteElo "2135"]
[BlackElo "2126"]
[PlyCount "57"]
[EventDate "2004.10.10"]
[EventType "team"]
[EventRounds "9"]
[EventCountry "GER"]
[SourceTitle "EXT 2007"]
[Source "ChessBase"]
[SourceDate "2006.11.23"]
[SourceVersion "1"]
[SourceVersionDate "2006.11.23"]
[SourceQuality "1"]
[WhiteTeam "Gottmadingen"]
[BlackTeam "Waldshut II"]
[WhiteTeamCountry "GER"]
[BlackTeamCountry "GER"]

1. Nf3 d5 2. b3 Nf6 3. Bb2 e6 4. e3 Be7 5. d4 0-0 6. Bd3 c5 7. Nbd2 b6 8. Ne5 Bb7 9. 0-0 Nc6 10. a3 Rc8 11. f4 a6 12. Ng4 Nxg4 13. Qxg4 Bf6 14. Nf3 g6 15. Ne5 Bg7 16. Rad1 b5 17. dxc5 Nxe5 18. fxe5 Rxc5 19. Bd4 Rc8 20. Rf3 Qc7 21. Qg5 Qd8 22. Qg4 Qc7 23. Qg5 Qd8 24. Rf6 Qa5 25. Rf4 Qxa3 26. Ra1 Qb4 27. Bb6 Qc3 28. Bd4 Qc7 29. Raf1 1/2-1/2

[Event "Verbandsliga Sued Baden 0405"]
[Site "Germany"]
[Date "2005.01.09"]
[Round "5.1"]
[White "Zichanowicz, Mark"]
[Black "Buss, Ralph"]
[Result "1/2-1/2"]
[WhiteElo "2126"]
[BlackElo "2303"]
[PlyCount "39"]
[EventDate "2004.10.10"]
[EventType "team"]
[EventRounds "9"]
[EventCountry "GER"]
[SourceTitle "EXT 2007"]
[Source "ChessBase"]
[SourceDate "2006.11.23"]
[SourceVersion "1"]
[SourceVersionDate "2006.11.23"]
[SourceQuality "1"]
[WhiteTeam "Waldshut II"]
[BlackTeam "Horben"]
[WhiteTeamCountry "GER"]
[BlackTeamCountry "GER"]

1. d4 Nf6 2. Nf3 e6 3. Bg5 h6 4. Bh4 c5 5. e3 cxd4 6. exd4 Be7 7. c3 b6 8. Bd3 Bb7 9. 0-0 d6 10. Nbd2 Nbd7 11. Qe2 0-0 12. Ne4 Nxe4 13. Bxe4 Bxe4 14. Qxe4 d5 15. Bxe7 dxe4 16. Bxd8 exf3 17. Bh4 fxg2 18. Kxg2 Rfc8 19. f4 Rc4 20. f5 1/2-1/2